00402pab a2200145 454500008004000000100002000040245006700060260000900127300001500136362000800151650003300159650001700192700001700209773003000226180718b2011 xxu||||| |||| 00| 0 eng d aRiddell, Sheila aEquality and humanrights in Britain: Principles and challenges c2011 ap.193-203. aApr aHuman rights - Great Britain aHuman rights aWatson, Nick aSocial Policy and Society